000 00520nam a2200181Ia 4500
005 20250508160959.0
008 008 250505s9999 xx 000 0 eng d
037 _aTextual
040 _aFEDL
_beng
_cFEDL
041 _aeng
_2eng
084 _a374.954, MOH
_qFEDL
100 _aMohsini S R
_9138780
245 0 _aAdult and community education
260 _aNew Delhi, India
_bAdult Education Association
_c1973
300 _axviii,185p
942 _cTEXL
_h374.954, MOH
999 _c1367747
_d1367747